000 00219nam a2200085Ia 4500
008 120527s9999 xx 000 0 und d
100 _aADAMU,O.Samuel.
245 _aNational Accounting in adeveloping country.
942 _cBK
999 _c23829
_d23829